| 000 | 01493nam a22002297a 4500 | ||
|---|---|---|---|
| 008 | 241021s2024 xxk||||| |||| 00| 0 eng d | ||
| 041 | _aeng | ||
| 110 | _aMinistry of Housing, Communities and Local Government | ||
| 245 | _aCriteria for determining whether a building is a higher-risk building during the occupation phase of the new higher-risk regime | ||
| 260 |
_bMHCLG, _c21 June 2023, updated 18 October 2024 |
||
| 520 | _aThis guidance relates to the legal criteria for determining whether a building is considered a higher-risk building under the Building Safety Act 2022 and the Higher-Risk Buildings (Descriptions and Supplementary Provisions) Regulations 2023. It relates to the definition of higher-risk building during the occupation phase of the higher-risk regime only. Guidance has been updated on 18 October 2024 to include a notice clarifying the government’s current position following the recent tribunal judgement that roof gardens should be classified as a storey. | ||
| 650 | _aBUILDING CONTROL | ||
| 650 | _aBUILDING HEIGHT | ||
| 650 | _aBUILDING SAFETY ACT 2022 | ||
| 650 | _aFIRE SAFETY | ||
| 650 | _aHIGHER-RISK BUILDINGS | ||
| 651 | _aUnited Kingdom | ||
| 690 |
_aBuilding control _96222 |
||
| 710 | _aMinistry of Housing, Communities and Local Government | ||
| 856 |
_uhttps://www.gov.uk/guidance/criteria-for-being-a-higher-risk-building-during-the-occupation-phase-of-the-new-higher-risk-regime _zAvailable from .gov.uk |
||
| 942 | _n0 | ||
| 999 |
_c122032 _d122032 |
||